| 000 | 00753cam a2200253 i 4500 | ||
|---|---|---|---|
| 001 | 26475 | ||
| 003 | BD-RjUL | ||
| 005 | 20211209051025.0 | ||
| 008 | 810713s1936 enkb b 00100 eng d | ||
| 035 | _a(BD-RjUL)26545 | ||
| 035 | _a(BD-RjUL) | ||
| 040 |
_aDLC _beng _cDLC _dBD-RjUL |
||
| 041 | 0 | _aengger | |
| 082 | 0 | 4 |
_a915 _219 _bKOW 1936 |
| 100 | 1 |
_aKohn, Hans, _d1891-1971. _954269 |
|
| 245 | 1 | 0 |
_aWestern civilization in the Near East / _cby Hans Kohn. |
| 260 |
_aLondon : _bRoutledge and Sons, _c1936. |
||
| 300 |
_axi, 329 p. : _bmap ; _c24 cm. |
||
| 504 | _aBibliography: p. 307-320. | ||
| 504 | _aIncludes index. | ||
| 650 | 0 |
_aEastern question. _981411 |
|
| 651 | 0 |
_aMiddle East _xCivilization _xWestern influences. _981412 |
|
| 942 |
_2ddc _cBK |
||
| 999 |
_c26475 _d26475 |
||